1000 riešení

Saved in:
Bibliographic Details
Format: Serial
Language:Slovak
Published: Žilina Poradca 2001
Subjects:
Tags: Add Tag
No Tags, Be the first to tag this record!

MARC

LEADER 00000nas2a2200000 4500
001 0007328
005 20160720112017.7
022 |a 1335-4159 
041 0 |a slo 
044 |a SK 
245 1 0 |a 1000 riešení 
264 1 |a Žilina  |b Poradca  |c 2001 
300 |a 2 zv. 
773 0 |w eu_un_cat*s121885 
610 2 0 |a hospodárenie finančné 
610 2 0 |a hospodárenie podnikové